000 00530nam a2200181Ia 4500
008 090124s9999 xx 000 0 und d
082 _b34863
100 _aदिवाण वृंदा
245 _a रसतृष्णा
250 _a1
260 _bनवचैतन्य प्रकाशन
_c1998
300 _a164
600 _aदिवाण वृंदा
630 _a रसतृष्णा
700 _aदिवाण वृंदा
730 _a रसतृष्णा
942 _cBOOK
999 _c100791
_d100791